00501nam a2200193 a 4500001001300000003000900013005001700022008004100039020001000080082001800090100002800108245001900136260003600155300001000191500003500201505002600236650001700262700002800279nice12345678IN_TiNIC20260116011810.0050524s1328 hyda grp 000 0 ara  ac10000a297.1248bMUH aMuhammad, Kasim Al-Lari aAhadis-E-Shiah aHyderabadbMatba` Subhanic1328 a225p. aincludes index and biblioraphy2 aworld christian books aHadith-Shiah1 aMuhammad, Kasim Al-Lari